| 000 | 00944cam a22002174a 4500 | ||
|---|---|---|---|
| 005 | 20250605164329.0 | ||
| 008 | 250528s ||||||||||||||||||||||||d | ||
| 035 | _a23152 | ||
| 020 | _a9780415279345 | ||
| 040 |
_aGR-AtMCL _bgre _dGR-AtMCL _eAACR2 |
||
| 245 | 1 | _aChildren, Families and Schools | |
| 250 | _a1st | ||
| 260 | _c2005 | ||
| 300 | _a134 | ||
| 520 | _aThis book offers a clear and coherent overview of a complex topic, ensuring its appeal to students and practitioners alike. Acknowledgements, Introduction, Developing Policy Frameworks, Home and Family: Contexts for Learning, Educational Disadvantage and the Home-School Relationship, Developing Home - School Relationships, Children's Participation in the Home - School Relationship, Towards Partnership and Participation, References, Index. | ||
| 700 | 1 |
_aBeveridge Sally _98724 |
|
| 700 | 1 |
_aRoutledgefalmer _95436 |
|
| 942 | _cBK | ||
| 999 |
_c8182 _d8182 |
||